Normal view
MARC view
- Khursheed, Abdul Salam
Entry Personal Name
001 - CONTROL NUMBER
- control field: 108872
003 - CONTROL NUMBER IDENTIFIER
- control field: NUST
005 - DATE AND TIME OF LATEST TRANSACTION
- control field: 20230210103429.0
008 - FIXED-LENGTH DATA ELEMENTS
- fixed length control field: 230210|| aca||aabn | a|a d
040 ## - CATALOGING SOURCE
- Original cataloging agency: NUST
- Transcribing agency: NUST
100 ## - HEADING--PERSONAL NAME
- Personal name: Khursheed, Abdul Salam
670 ## - SOURCE DATA FOUND
- Source citation: Work cat.: (NUST)188126: Khursheed, Abdul Salam , Fan-e-Sahafat /, 2008
